000 00764nam a2200253Ia 4500
003 OSt
005 20220925215220.0
006 a|||||r|||| 00| 0
007 ta
008 220923b |||||||| |||| 00| 0 eng d
020 _a0 435 83230 1
037 _cGeneral Book
040 _aRTL
_cRTL
_beng
041 _2eng
_aeng
082 _aY:5.3.N8, M3
100 _aErmisch John
_9282403
245 0 _aPolitical economy of demographic change
_b Causes and implications of population trends in Great Britian
260 _aLondon
_bHeinemann
_c1983
300 _axiv,317p
_ccm.
490 _aPolicy Studies Institute Publication
650 _aDemography
942 _hY:5.3.N8, M3
_cGB
_2CC
999 _c568226
_d568226